| 000 | 01288cam a2200265 i 4500 | ||
|---|---|---|---|
| 003 | SA-RiAUC | ||
| 005 | 20241127065050.0 | ||
| 008 | 241127s1998 le g 000 0 ara c | ||
| 040 |
_aJO-AmJU _bara _cSA-RiAUC _erda |
||
| 082 | 0 | 4 | _a237 |
| 090 |
_a237 _bا ب ن ك |
||
| 100 | 1 |
_aابن كثير، إسماعيل بن عمر بن كثير، _d701-774 هجري _eمؤلف. |
|
| 245 | 1 | 0 |
_aجامع المسانيد والسنن الهادي لأقوم سنن / _cعماد الدين إسماعيل بن عمر بن كثير الدمشقي ؛ دراسة وتحقيق عبد الملك بن عبد الله بن دهيش. |
| 250 | _aالطبعة الثانية. | ||
| 264 | 1 |
_aبيروت : _aمكة المكرمة : _bدار خضر ؛ _bمكتبة النهضة الحديثة، _c1998 |
|
| 300 |
_a12 مجلد ؛ _c24 سم |
||
| 336 |
_aنص _btxt _2rdacontent _3كتاب |
||
| 337 |
_aبدون وسيط _bn _2rdamedia |
||
| 338 |
_aمجلد _bnc _2rdacarrier |
||
| 650 | 7 |
_aالحديث _xالسنن (عدا ما ذكر في الكتب الستة للحديث) _2aucsh |
|
| 650 | 7 |
_aالحديث _xالمسانيد _2aucsh |
|
| 700 | 1 |
_aابن دهيش، عبد الملك بن عبد الله، _d1360 هجري- _eمحقق. |
|
| 942 |
_2ddc _cBOOK |
||
| 949 |
_aSA-JeALM _d241127 _ukhaled123 _n1 |
||
| 999 |
_c2798 _d2798 |
||